Systém profesní kvalifikace mladistvých ve Velké Británii
Základné východiská transformácie školského systému. Všeobecná celoštátne platná odborná kvalifikácia. Priblíženie praxi. Prehĺbenie úrovne poradenských služieb. Systém ďalšieho vzdelávania a zamestnávania mladistvých.
Saved in:
| Main Author: | |
|---|---|
| Other Authors: | |
| Format: | Book Chapter |
| Language: | Czech |
| Subjects: | |
| Tags: |
No Tags, Be the first to tag this record!
|
MARC
| LEADER | 00000naa a2200000 4500 | ||
|---|---|---|---|
| 001 | r017212 | ||
| 005 | 20221205102742.5 | ||
| 041 | 0 | |a cze | |
| 044 | |a CZ | ||
| 245 | 1 | 0 | |a Systém profesní kvalifikace mladistvých ve Velké Británii |c M. Blatníková, P. Kaplan |
| 520 | |a Základné východiská transformácie školského systému. Všeobecná celoštátne platná odborná kvalifikácia. Priblíženie praxi. Prehĺbenie úrovne poradenských služieb. Systém ďalšieho vzdelávania a zamestnávania mladistvých. | ||
| 610 | 2 | 0 | |a vzdelávanie |
| 610 | 2 | 0 | |a Veľká Británia |
| 610 | 2 | 0 | |a školstvo |
| 610 | 2 | 0 | |a zvyšovanie kvalifikácie |
| 610 | 2 | 0 | |a škola a prax |
| 610 | 2 | 0 | |a služby poradenské |
| 610 | 2 | 0 | |a mladiství |
| 100 | 1 | |a Blatníková, M. | |
| 700 | 1 | |a Kaplan, P. | |